<?xml version="1.0" encoding="UTF-8"?><?xml-stylesheet type="text/xsl" href="static/style.xsl"?><OAI-PMH xmlns="http://www.openarchives.org/OAI/2.0/" xmlns:xsi="http://www.w3.org/2001/XMLSchema-instance" xsi:schemaLocation="http://www.openarchives.org/OAI/2.0/ http://www.openarchives.org/OAI/2.0/OAI-PMH.xsd"><responseDate>2026-04-17T12:48:04Z</responseDate><request verb="GetRecord" identifier="oai:www.recercat.cat:10230/22939" metadataPrefix="marc">https://recercat.cat/oai/request</request><GetRecord><record><header><identifier>oai:recercat.cat:10230/22939</identifier><datestamp>2025-12-23T20:54:34Z</datestamp><setSpec>com_2072_6</setSpec><setSpec>col_2072_452954</setSpec></header><metadata><record xmlns="http://www.loc.gov/MARC21/slim" xmlns:dcterms="http://purl.org/dc/terms/" xmlns:xsi="http://www.w3.org/2001/XMLSchema-instance" xmlns:doc="http://www.lyncode.com/xoai" xsi:schemaLocation="http://www.loc.gov/MARC21/slim http://www.loc.gov/standards/marcxml/schema/MARC21slim.xsd">
   <leader>00925njm 22002777a 4500</leader>
   <datafield ind2=" " ind1=" " tag="042">
      <subfield code="a">dc</subfield>
   </datafield>
   <datafield ind2=" " ind1=" " tag="720">
      <subfield code="a">Lage García, Lola</subfield>
      <subfield code="e">author</subfield>
   </datafield>
   <datafield ind2=" " ind1=" " tag="260">
      <subfield code="c">2014-12-11T11:03:05Z</subfield>
   </datafield>
   <datafield ind2=" " ind1=" " tag="260">
      <subfield code="c">2014-12-11T11:03:05Z</subfield>
   </datafield>
   <datafield ind2=" " ind1=" " tag="260">
      <subfield code="c">2014-12-11</subfield>
   </datafield>
   <datafield ind2=" " ind1=" " tag="520">
      <subfield code="a">Treball de fi de grau en informàtica</subfield>
   </datafield>
   <datafield ind2=" " ind1=" " tag="520">
      <subfield code="a">Tutor: Horacio Saggion</subfield>
   </datafield>
   <datafield ind2=" " ind1=" " tag="520">
      <subfield code="a">Durante la última década la cantidad de información subjetiva existente en Internet ha/ncrecido exponencialmente. Debido a la aparición de las redes sociales, así como la/nproliferación de blogs y sitios web donde los usuarios pueden generar contenido,/nInternet se ha convertido en una fuente de información aún más valiosa de lo que era./nEste nuevo modelo conocido como web 2.0 ha despertado un gran interés en diferentes/nsectores./nLa comunidad científica encuentra una tarea interesante, desde el punto de vista del/nprocesamiento del lenguaje natural, el poder extraer automáticamente las opiniones y/nsentimientos de los mensajes volcados por los usuarios en la red./nSiguiendo esta línea de investigación, en este trabajo se ha creado una herramienta/ncapaz de realizar el análisis de sentimientos en mensajes escritos en Twitter./nConcretamente, se ha centrado en tweets periodísticos sobre diferentes temas de/nactualidad política escritos por cuatro de los más importantes periódicos nacionales.</subfield>
   </datafield>
   <datafield ind2=" " ind1=" " tag="520">
      <subfield code="a">Over the last decade the amount of subjective information on the Internet has grown/nexponentially. Due to the emergence of social networks, as well as the proliferation of/nblogs and web sites where users can generate content, Internet has become a source of/neven more valuable information than it was. This new model, known as web 2.0, has/naroused great interest in different sectors./nFrom the point of view of natural language processing, the scientific community find it/nan interesting task to obtain automatically the opinions and feelings of the messages/nposted by users on the network./nFollowing this line of research, in this work it has been created a tool able to perform/nsentiment analysis on tweets. In particular, we have focused on journalistic tweets on/ntopics of current policy written by four of the major national newspapers.</subfield>
   </datafield>
   <datafield tag="653" ind2=" " ind1=" ">
      <subfield code="a">Mineria de web</subfield>
   </datafield>
   <datafield tag="653" ind2=" " ind1=" ">
      <subfield code="a">Xarxes socials en línia</subfield>
   </datafield>
   <datafield tag="653" ind2=" " ind1=" ">
      <subfield code="a">Programari d&amp;apos;aplicació--Desenvolupament</subfield>
   </datafield>
   <datafield ind2="0" ind1="0" tag="245">
      <subfield code="a">Herramienta para el análisis de la opinión en tweets periodísticos</subfield>
   </datafield>
</record></metadata></record></GetRecord></OAI-PMH>